movies with locations in the title - Statistics

General Stats
  • This quiz has been taken 65 times
  • The average score is 9 of 15
Answer Stats
title starring year location % Correct
An American in _____ Gene Kelly 1951 Paris
91%
Pirates of the _________: The Curse of the Black Pearl Keira Knightley 2003 Caribbean
84%
__________ Humphrey Bogart 1942 Casablanca
84%
Once Upon a Time in... _________ Leonardo DiCaprio 2019 Hollywood
78%
All Quiet on the _______ _____ Lew Ayres 1930 Western Front
78%
On the ___________ Marlon Brando 1954 Waterfront
71%
The ______n Queen Katharine Hepburn 1951 Africa
67%
Bull ______ Susan Sarandon 1988 Durham
62%
The ____________ Story Katharine Hepburn 1940 Philadelphia
53%
____ Lights Charlie Chaplin 1931 City
51%
_______ Jack Nicholson 1974 Chinatown
45%
_____ William H. Macy 1996 Fargo
45%
Train to _____ Gong Yoo 2016 Busan
40%
________! Shirley Jones 1955 Oklahoma
38%
___ ____ Bruce Willis 2005 Sin City
7%
No matching quizzes found
Score Distribution
Percent of People with Each Score
Percentile by Number Answered
Your Score History
You have not taken this quiz